000 00647cam a2200241 a 4500
005 20260322212010.0
008 data
010 _a 86061181
020 _a0688064728
020 _a9780688064723
040 _aDLC
_cDLC
_dDLC
050 0 0 _aPN2287.H75
_bA3 1986
082 0 0 _aB
_aB
_219
100 1 _aHudson, Rock,
_d1925-1985.
245 1 0 _aRock Hudson :
_bhis story /
_cRock Hudson & Sara Davidson.
250 _a1st ed.
260 _aNew York :
_bMorrow,
_cc1986.
300 _a311 p. :
_bill., ports. ;
_c25 cm.
600 1 0 _aHudson, Rock,
_d1925-1985.
650 0 _aActors
_zUnited States
_xBiography.
700 1 _aDavidson, Sara.
001 data
999 _c194
_d194